00000000cam 2200000zi 4500
0019.958645
003CaOODSP
00520260112155952
006m     o  d f      
007cr mn|||||||||
008251230e202512##onca    ob   f000 0 fre d
020 |a9780660978574
040 |aCaOODSP|bfre|erda|cCaOODSP
043 |an-cn---
0861 |aM4-285/3-2025F-PDF
24502|aL'Initiative interministérielle sur la science inclusive : |blignes directrices en matière de science inclusive pour les ministères et organismes à vocation scientifique.
24610|aLignes directrices en matière de science inclusive pour les ministères et organismes à vocation scientifique
264 1|a[Ottawa] : |bGouvernement du Canada = Government of Canada, |cdécembre 2025.
264 4|c©2025
300 |a1 ressource en ligne (ii, 90 pages) : |billustrations
336 |atexte|btxt|2rdacontent/fre
337 |ainformatique|bc|2rdamedia/fre
338 |aressource en ligne|bcr|2rdacarrier/fre
500 |aTitre de la couverture.
500 |aPublié aussi en anglais sous le titre : The Interdepartmental Inclusive Science Initiative : science based departments and agencies inclusive science guidelines.
504 |aComprend des références bibliographiques (pages 89-90).
520 |a« Le présent document fournit une orientation générale destinée à soutenir les différents ministères et organismes quand vient le temps d'élaborer des plans, des stratégies ou des cadres qui tiennent compte des pratiques inclusives dans le cadre des activités scientifiques. Ces Lignes directrices constituent une ressource essentielle en matière de science inclusive destinée aux dirigeants, aux scientifiques, aux gestionnaires et employés scientifiques, aux responsables des politiques et à l'ensemble du personnel des MOVS fédéraux. Elles ont été élaborées pour mettre l'accent sur la responsabilité partagée, la transparence et un engagement collectif en faveur d'initiatives scientifiques équitables » -- Page 3.
550 |aPublié par : Ressources naturelles Canada.
650 6|aPolitique scientifique et technique|zCanada|xPlanification.
650 6|aSciences|xAspect social|xPolitique gouvernementale|zCanada.
650 6|aNationalisme et sciences|xPolitique gouvernementale|zCanada.
650 6|aÉgalité (Sociologie)|xPolitique gouvernementale|zCanada.
7101 |aCanada. |bRessources naturelles Canada, |eorganisme de publication.
77508|tThe Interdepartmental Inclusive Science Initiative : |w(CaOODSP)9.958646
85640|qPDF|s2.11 Mo|uhttps://publications.gc.ca/collections/collection_2026/rncan-nrcan/M4-285-3-2025-fra.pdf